000 00653nam a2200181 a 4500
008 120416s1974 ||||||||||||||||| || u
020 _a0135793831
050 _aQD 461 Tur
100 _aTurner, Almon G
245 1 0 _aMethods in molecular orbital theory
260 _aEnglewood Cliffs, N.J.
_bFT Prentice-Hall
_c1974
300 _axiii, 225 p. ill.
350 _a0.00
500 _aBibliography
650 0 _aCHEMISTRY--HANDBOOKS, MANUALS, ETC
650 _aMOLECULAR ORBITALS
995 _D0.00
_FCBU-MAIN LIBRARY (Kitwe)
_H1
_I7.30
_M1
_UAVAILABLE
_WMar 14, 2007
_ZAnnex Low-Usage Collection
999 _c51051
_d51051